O dragão (Registo nº 34908)

Detalhes MARC
000 -Etiqueta do registo
Valores 00814nam a2200265 4500
010 ## - Número ISBN
ISBN 9789720728425
021 ## - Número do Depósito Legal
Código do país Portugal
100 ## - Dados gerais de processamento
Dados gerais 20220919 frey50
101 0# - Língua de publicação
Língua Português
102 ## - País de publicação
País Portugal
200 1# - Titulo e menção de responsabilidade
Título próprio O dragão
Primeira menção de responsabilidade Luísa Ducla Soares
Título de colectânea il. Ana Afonso
205 ## - Menção da edição
Edição [1.ª ed.]
210 #9 - Publicação
Local de publicação Porto
Nome do editor Porto Editora,
Data de publicação 2014
215 ## - Descrição física 
Paginação / Volumes 63 p.
Outras indicações físicas todo il.
Dimensões 20 cm
225 2# - Colecção 
Título próprio da colecção Educação literária
300 ## - Notas gerais 
Texto da nota Leitura recomendada para o 5<U+00BA> ano de escolaridade
675 ## - CDU
Notação 821.134.3-34"19/20"(072)
Edição BN
Língua por
700 #1 - Autor principal
Apelido Soares,
Nome Luísa Ducla,
Datas 1939-
ID Autoridade 2431
702 #1 - Autor secundário
Apelido Afonso,
Nome Ana,
Datas 1977-
Função Ilustrador
801 #0 - Fonte de origem
País PT
Agência BN
Regras de catalogação RPC
856 41 - Localização e acesso electrónico 
URL <a href="http://rnod.bnportugal.gov.pt/ImagesBN/winlibimg.aspx?skey=&doc=1902236&img=59622&save=true">http://rnod.bnportugal.gov.pt/ImagesBN/winlibimg.aspx?skey=&doc=1902236&img=59622&save=true</a>
090 ## - Tipo de documento
Koha biblioitem number (autogenerated) 34908
990 ## - Elementos KOHA
Tipo de documento Livro
994 ## - Estado da catalogação
Situação Completo
Exemplares
Situação do levantamento Situação do extravio Biblioteca de origem Biblioteca de empréstimo Código de barras Cota Permissão de empréstimo Tipo de documento Forma de aquisição
  Completo Biblioteca da Escola Básica e Secundária Dr Isidoro de Sousa Biblioteca da Escola Básica e Secundária Dr Isidoro de Sousa 7610 087.5 SOA Disponível Livro  
  Completo Biblioteca da Escola Básica e Secundária Dr Isidoro de Sousa Biblioteca da Escola Básica e Secundária Dr Isidoro de Sousa 7242 087.5 SOA Disponível Livro  




Powered by Koha